Quiz o Toruniu - Statystyki

Ogólne statystyki
  • Ten quiz został rozwiązany 37 razy
    34 od ostatniego zresetowania
  • Średni wynik to 6 z 14
Statystyki odpowiedzi
Hint Odpowiedź % Poprawnych
W Toruniu urodził się _______________ Mikołaj Kopernik
88%
Tablice rejestracyjne CT
84%
Rzeki płynące przez Toruń Drwęca, Wisła
81%
Województwo, gdzie leży miasto Toruń Kujawsko-Pomorskie
78%
Stacja radiowo-katolicka założona w Toruniu Radio Maryja
72%
Prezydent Paweł Gulewski
50%
Aglomeracja Bydgosko-toruńska
41%
Patron Torunia Jan Chrzciciel
28%
Największy dzwon Torunia Tuba Dei
28%
Prawa miejskie (rok) 1233
22%
Ludność (w tysiącach) 194
22%
Strefa numeracyjna 56
22%
Powierzchnia 115,75
3%
Gracz JetPunk, który mieszka w Toruniu Barroszt
3%
Nie znaleziono quizów pasujących do podanych kryteriów
Rozkład punktacji
Procent ludzi z każdym wynikiem
Percentyl według liczby udzielonych odpowiedzi
Twoja historia wyników
Nie rozwiązałeś tego quizu od ostatniego zresetowania